000 00288nam a22001217a 4500
020 _a978-81-207-6321-0
082 _a823
_bSTE/S
100 _aSTERLING PUBLISHERS
245 _aI LIKE TO READ A SUMMER HOLIDAY
260 _aLONDON
_bLADYBIRD
650 _aENGLISH STORY
_zLONDON
942 _cBK
999 _c1849
_d1849